000 02145nam0a2200373 4500
001 RU\NLR\BIBL_A\012472222
005 20220823122131.0
010 _a978-5-9933-0253-9
_9400
021 _aRU
_bКН-П-20-069860
_9КН-П-20-5256
035 _a(NLR Aleph) 012472222
035 _a(RuMoRGB)010472819
090 _a12086052
_c12086052
100 _a20210312d2020 u y0rusy50 ca
101 0 _arus
102 _aRU
105 _a |||j|||000zy
181 0 _ai3
_baxxe
182 0 _an
200 1 _aКлассификация, номенклатура и электронное строение органических соединений
_eучебное пособие
_eдля студентов бакалавриата по технологическим направлениям подготовки
_fЕ.В. Белова, К.Э. Герман, А.В. Афанасьев, Б.А. Зачернюк
_gМинистерство науки и высшего образования Российской Федерации, ИФХЭ РАН
203 _aТекст
_bвизуальный
_cнепосредственный
210 _aМосква
_cГраница
_d2020
215 _a93, [1] с.
_cил., табл.
_d21
320 _aБиблиогр. в конце кн. (11 назв.)
606 1 _aОрганические соединения
_jУчебные издания для высших учебных заведений
_2nlr_sh1
_2nlr_sh2
_3RU\NLR\AUTH\6614315
686 1 _aГ2я73-1
701 1 _aБелова
_bЕ. В.
_cканд. пед. наук
_gЕлена Владимировна
_3RU\NLR\AUTH\770168601
701 1 _aГерман
_bК. Э.
_cд-р хим. наук
_f1957-
_gКонстантин Эдуардович
_3RU\NLR\AUTH\770254704
701 1 _aАфанасьев
_bА. В.
_cканд. хим. наук
_f1956-
_gАндрей Викторович
_3RU\NLR\AUTH\770127621
701 1 _aЗачернюк
_bБ. А.
_gБорис Александрович
942 _cBOOK
980 _aNBR
980 _aNB